Normal view MARC view
  • BPT

Entry Topical Term

Number of records used in: 25

001 - CONTROL NUMBER

  • control field: 6963

003 - CONTROL NUMBER IDENTIFIER

  • control field: OSt

005 - DATE AND TIME OF LATEST TRANSACTION

  • control field: 20220120112628.0

008 - FIXED-LENGTH DATA ELEMENTS

  • fixed length control field: 220120|| aca||aabn | a|a d

040 ## - CATALOGING SOURCE

  • Original cataloging agency: OSt
  • Transcribing agency: OSt

150 ## - HEADING--TOPICAL TERM

  • Topical term or geographic name as entry element: BPT

670 ## - SOURCE DATA FOUND

  • Source citation: Work cat.: (OSt): KOSHI, DR. RACHEL 6962, CUNNINGHAM'S MANUAL OF PRACTICAL ANATOMY: [UPPER AND LOWER LIMBS], 2017